<?xml version="1.0" encoding="UTF-8"?>
<record
    xmlns:xsi="http://www.w3.org/2001/XMLSchema-instance"
    xsi:schemaLocation="http://www.loc.gov/MARC21/slim http://www.loc.gov/standards/marcxml/schema/MARC21slim.xsd"
    xmlns="http://www.loc.gov/MARC21/slim">

  <leader>02610nam0a2200373   4500</leader>
  <controlfield tag="001">RU\NLR\bibl\1715894</controlfield>
  <controlfield tag="005">20260406103442.0</controlfield>
  <datafield tag="010" ind1=" " ind2=" ">
    <subfield code="a">978-5-17-070193-3</subfield>
    <subfield code="b">&#x410;&#x421;&#x422;</subfield>
    <subfield code="9">2000</subfield>
  </datafield>
  <datafield tag="021" ind1=" " ind2=" ">
    <subfield code="a">RU</subfield>
    <subfield code="b">2010-93037</subfield>
    <subfield code="9">6262</subfield>
  </datafield>
  <datafield tag="035" ind1=" " ind2=" ">
    <subfield code="a">(nilc)RSL-KNO-004833399</subfield>
  </datafield>
  <datafield tag="035" ind1=" " ind2=" ">
    <subfield code="a">KML\BIBL\0000019009</subfield>
  </datafield>
  <datafield tag="035" ind1=" " ind2=" ">
    <subfield code="a">(NLR Aleph) 001706908</subfield>
  </datafield>
  <datafield tag="090" ind1=" " ind2=" ">
    <subfield code="a">1255688</subfield>
    <subfield code="c">1255688</subfield>
  </datafield>
  <datafield tag="100" ind1=" " ind2=" ">
    <subfield code="a">20101129d2010    |||y0rusy50      ca</subfield>
  </datafield>
  <datafield tag="101" ind1="1" ind2=" ">
    <subfield code="a">rus</subfield>
    <subfield code="c">eng</subfield>
  </datafield>
  <datafield tag="102" ind1=" " ind2=" ">
    <subfield code="a">RU</subfield>
  </datafield>
  <datafield tag="105" ind1=" " ind2=" ">
    <subfield code="a">y   zzzz|||||</subfield>
  </datafield>
  <datafield tag="200" ind1="1" ind2=" ">
    <subfield code="a">&#x417;&#x430;&#x432;&#x43E;&#x434;&#x43D;&#x43E;&#x439; &#x430;&#x43F;&#x435;&#x43B;&#x44C;&#x441;&#x438;&#x43D;</subfield>
    <subfield code="e">[&#x440;&#x43E;&#x43C;&#x430;&#x43D;]</subfield>
    <subfield code="f">&#x42D;&#x43D;&#x442;&#x43E;&#x43D;&#x438; &#x411;&#x435;&#x440;&#x434;&#x436;&#x435;&#x441;&#x441;</subfield>
    <subfield code="g">[&#x43F;&#x435;&#x440;. &#x441; &#x430;&#x43D;&#x433;&#x43B;. &#x412;. &#x411;. &#x411;&#x43E;&#x448;&#x43D;&#x44F;&#x43A;&#x430;]</subfield>
  </datafield>
  <datafield tag="210" ind1=" " ind2=" ">
    <subfield code="a">&#x41C;&#x43E;&#x441;&#x43A;&#x432;&#x430;</subfield>
    <subfield code="c">&#x410;&#x421;&#x422;</subfield>
    <subfield code="c">&#x410;&#x441;&#x442;&#x440;&#x435;&#x43B;&#x44C;</subfield>
    <subfield code="d">2010</subfield>
  </datafield>
  <datafield tag="215" ind1=" " ind2=" ">
    <subfield code="a">222, [1] &#x441;.</subfield>
    <subfield code="d">21</subfield>
  </datafield>
  <datafield tag="225" ind1="1" ind2=" ">
    <subfield code="a">&#x410;&#x43B;&#x44C;&#x442;&#x435;&#x440;&#x43D;&#x430;&#x442;&#x438;&#x432;&#x430;</subfield>
  </datafield>
  <datafield tag="330" ind1=" " ind2=" ">
    <subfield code="a">&#x417;&#x430;&#x432;&#x43E;&#x434;&#x43D;&#x43E;&#x439; &#x430;&#x43F;&#x435;&#x43B;&#x44C;&#x441;&#x438;&#x43D; - &#x43B;&#x438;&#x442;&#x435;&#x440;&#x430;&#x442;&#x443;&#x440;&#x43D;&#x44B;&#x439; &#x43F;&#x430;&#x440;&#x430;&#x434;&#x43E;&#x43A;&#x441; XX &#x441;&#x442;&#x43E;&#x43B;&#x435;&#x442;&#x438;&#x44F;. &#x41F;&#x440;&#x43E;&#x434;&#x43E;&#x43B;&#x436;&#x430;&#x44F; &#x444;&#x443;&#x442;&#x443;&#x440;&#x438;&#x441;&#x442;&#x438;&#x447;&#x435;&#x441;&#x43A;&#x438;&#x435; &#x442;&#x440;&#x430;&#x434;&#x438;&#x446;&#x438;&#x438; &#x432; &#x43B;&#x438;&#x442;&#x435;&#x440;&#x430;&#x442;&#x443;&#x440;&#x435;, &#x44D;&#x43A;&#x441;&#x43F;&#x435;&#x440;&#x438;&#x43C;&#x435;&#x43D;&#x442;&#x438;&#x440;&#x443;&#x44F; &#x441; &#x44F;&#x437;&#x44B;&#x43A;&#x43E;&#x43C;, &#x43D;&#x430; &#x43A;&#x43E;&#x442;&#x43E;&#x440;&#x43E;&#x43C; &#x433;&#x43E;&#x432;&#x43E;&#x440;&#x438;&#x442; &#x440;&#x443;&#x431;&#x435;&#x436;&#x43D;&#x43E;&#x435; &#x43F;&#x43E;&#x43A;&#x43E;&#x43B;&#x435;&#x43D;&#x438;&#x435; malltshipalltshikov &#x438; kisok &#x43D;&#x430;&#x434;&#x441;&#x430;&#x442;&#x44B;&#x445; , &#x42D;&#x43D;&#x442;&#x43E;&#x43D;&#x438; &#x411;&#x435;&#x440;&#x434;&#x436;&#x435;&#x441;&#x441; &#x441;&#x43E;&#x437;&#x434;&#x430;&#x435;&#x442; &#x440;&#x43E;&#x43C;&#x430;&#x43D;, &#x43F;&#x440;&#x438;&#x437;&#x43D;&#x430;&#x43D;&#x43D;&#x44B;&#x439; &#x43A;&#x43B;&#x430;&#x441;&#x441;&#x438;&#x43A;&#x43E;&#x439; &#x441;&#x43E;&#x432;&#x440;&#x435;&#x43C;&#x435;&#x43D;&#x43D;&#x43E;&#x439; &#x43B;&#x438;&#x442;&#x435;&#x440;&#x430;&#x442;&#x443;&#x440;&#x44B;. &#x423;&#x43C;&#x43D;&#x44B;&#x439;, &#x436;&#x435;&#x441;&#x442;&#x43E;&#x43A;&#x438;&#x439;, &#x445;&#x430;&#x440;&#x438;&#x437;&#x43C;&#x430;&#x442;&#x438;&#x447;&#x43D;&#x44B;&#x439; &#x430;&#x43D;&#x442;&#x438;&#x433;&#x435;&#x440;&#x43E;&#x439; &#x410;&#x43B;&#x435;&#x43A;&#x441;, &#x43B;&#x438;&#x434;&#x435;&#x440; &#x443;&#x43B;&#x438;&#x447;&#x43D;&#x43E;&#x439; &#x431;&#x430;&#x43D;&#x434;&#x44B;, &#x43F;&#x440;&#x43E;&#x43F;&#x43E;&#x432;&#x435;&#x434;&#x443;&#x44F; &#x43D;&#x430;&#x441;&#x438;&#x43B;&#x438;&#x435; &#x43A;&#x430;&#x43A; &#x432;&#x44B;&#x441;&#x43E;&#x43A;&#x43E;&#x435; &#x438;&#x441;&#x43A;&#x443;&#x441;&#x441;&#x442;&#x432;&#x43E; &#x436;&#x438;&#x437;&#x43D;&#x438;, &#x43A;&#x430;&#x43A; &#x440;&#x43E;&#x434; &#x43D;&#x430;&#x441;&#x43B;&#x430;&#x436;&#x434;&#x435;&#x43D;&#x438;&#x44F;, &#x43F;&#x43E;&#x43F;&#x430;&#x434;&#x430;&#x435;&#x442; &#x432; &#x436;&#x435;&#x43B;&#x435;&#x437;&#x43D;&#x44B;&#x435; &#x442;&#x438;&#x441;&#x43A;&#x438; &#x43D;&#x43E;&#x432;&#x435;&#x439;&#x448;&#x435;&#x439; &#x433;&#x43E;&#x441;&#x443;&#x434;&#x430;&#x440;&#x441;&#x442;&#x432;&#x435;&#x43D;&#x43D;&#x43E;&#x439; &#x43F;&#x440;&#x43E;&#x433;&#x440;&#x430;&#x43C;&#x43C;&#x44B; &#x43F;&#x43E; &#x43F;&#x435;&#x440;&#x435;&#x432;&#x43E;&#x441;&#x43F;&#x438;&#x442;&#x430;&#x43D;&#x438;&#x44E; &#x43F;&#x440;&#x435;&#x441;&#x442;&#x443;&#x43F;&#x43D;&#x438;&#x43A;&#x43E;&#x432; &#x438; &#x441;&#x430;&#x43C; &#x441;&#x442;&#x430;&#x43D;&#x43E;&#x432;&#x438;&#x442;&#x441;&#x44F; &#x436;&#x435;&#x440;&#x442;&#x432;&#x43E;&#x439; &#x43D;&#x430;&#x441;&#x438;&#x43B;&#x438;&#x44F;. &#x41C;&#x43E;&#x436;&#x43D;&#x43E; &#x43B;&#x438; &#x441;&#x43F;&#x430;&#x441;&#x442;&#x438; &#x43C;&#x438;&#x440; &#x43E;&#x442; &#x437;&#x43B;&#x430;, &#x43B;&#x438;&#x448;&#x430;&#x44F; &#x447;&#x435;&#x43B;&#x43E;&#x432;&#x435;&#x43A;&#x430; &#x432;&#x43E;&#x43B;&#x438; &#x441;&#x43E;&#x432;&#x435;&#x440;&#x448;&#x430;&#x442;&#x44C; &#x43F;&#x43E;&#x441;&#x442;&#x443;&#x43F;&#x43A;&#x438; &#x438; &#x43F;&#x440;&#x435;&#x432;&#x440;&#x430;&#x449;&#x430;&#x44F; &#x435;&#x433;&#x43E; &#x432; &#x437;&#x430;&#x432;&#x43E;&#x434;&#x43D;&#x43E;&#x439; &#x430;&#x43F;&#x435;&#x43B;&#x44C;&#x441;&#x438;&#x43D; &#x42D;&#x442;&#x43E;&#x442; &#x432;&#x43E;&#x43F;&#x440;&#x43E;&#x441; &#x441;&#x435;&#x433;&#x43E;&#x434;&#x43D;&#x44F; &#x430;&#x43A;&#x442;&#x443;&#x430;&#x43B;&#x435;&#x43D; &#x442;&#x430;&#x43A; &#x436;&#x435;, &#x43A;&#x430;&#x43A; &#x438; &#x432;&#x447;&#x435;&#x440;&#x430;, &#x438; &#x432;&#x43E;&#x43F;&#x440;&#x43E;&#x441; &#x44D;&#x442;&#x43E;&#x442; &#x430;&#x432;&#x442;&#x43E;&#x440; &#x437;&#x430;&#x434;&#x430;&#x435;&#x442; &#x447;&#x438;&#x442;&#x430;&#x442;&#x435;&#x43B;&#x44E;.</subfield>
  </datafield>
  <datafield tag="686" ind1=" " ind2=" ">
    <subfield code="a">&#x428;5(4&#x412;&#x43B;)62-644</subfield>
    <subfield code="2">rubbk</subfield>
  </datafield>
  <datafield tag="686" ind1=" " ind2=" ">
    <subfield code="a">0611</subfield>
    <subfield code="a">&#x417;&#x430;&#x440;&#x443;&#x431;&#x435;&#x436;&#x43D;&#x430;&#x44F; &#x43F;&#x440;&#x43E;&#x437;&#x430;</subfield>
    <subfield code="2">TCC-BG</subfield>
  </datafield>
  <datafield tag="686" ind1=" " ind2=" ">
    <subfield code="a">&#x428;6(4&#x412;&#x43B;)67-440.4{&#x41B;&#x445;1299-50}</subfield>
  </datafield>
  <datafield tag="700" ind1=" " ind2="1">
    <subfield code="4">070</subfield>
    <subfield code="8">rus</subfield>
    <subfield code="7">ca</subfield>
    <subfield code="a">&#x411;&#x435;&#x440;&#x434;&#x436;&#x435;&#x441;&#x441;</subfield>
    <subfield code="b">&#x42D;.</subfield>
    <subfield code="f">1917-1993</subfield>
    <subfield code="g">&#x42D;&#x43D;&#x442;&#x43E;&#x43D;&#x438;</subfield>
    <subfield code="3">RU\NLR\auth\7789215</subfield>
    <subfield code="9">72143</subfield>
  </datafield>
  <datafield tag="801" ind1=" " ind2="0">
    <subfield code="a">RU</subfield>
    <subfield code="b">&#x420;&#x41A;&#x41F;</subfield>
    <subfield code="c">20101129</subfield>
    <subfield code="g">rcr</subfield>
  </datafield>
  <datafield tag="801" ind1=" " ind2="1">
    <subfield code="a">RU</subfield>
    <subfield code="b">&#x420;&#x413;&#x411;</subfield>
    <subfield code="c">20101129</subfield>
  </datafield>
  <datafield tag="801" ind1=" " ind2="2">
    <subfield code="a">RU</subfield>
    <subfield code="b">&#x426;&#x423;&#x41D;&#x411; &#x41C;&#x43E;&#x441;&#x43A;&#x432;&#x430;</subfield>
    <subfield code="c">20110204</subfield>
    <subfield code="g">rcr</subfield>
  </datafield>
  <datafield tag="801" ind1=" " ind2="2">
    <subfield code="a">RU</subfield>
    <subfield code="b">NLR</subfield>
    <subfield code="c">20101220</subfield>
    <subfield code="g">rcr</subfield>
  </datafield>
  <datafield tag="830" ind1=" " ind2=" ">
    <subfield code="a">CODE_OF_LIBNET\000056343</subfield>
  </datafield>
  <datafield tag="942" ind1=" " ind2=" ">
    <subfield code="c">BOOK</subfield>
  </datafield>
  <datafield tag="980" ind1=" " ind2=" ">
    <subfield code="a">NB</subfield>
  </datafield>
  <datafield tag="995" ind1=" " ind2=" ">
    <subfield code="5">2010-12-20</subfield>
    <subfield code="a">ad</subfield>
    <subfield code="b">NLR01</subfield>
    <subfield code="c">NLR01</subfield>
    <subfield code="e">RF8</subfield>
    <subfield code="f">1-746445</subfield>
    <subfield code="k">2010-3/42478</subfield>
    <subfield code="o">0</subfield>
    <subfield code="r">BOOK</subfield>
    <subfield code="s">2010342478_</subfield>
  </datafield>
  <datafield tag="995" ind1=" " ind2=" ">
    <subfield code="5">2010-12-20</subfield>
    <subfield code="a">ad</subfield>
    <subfield code="b">NLR01</subfield>
    <subfield code="c">NLR01</subfield>
    <subfield code="e">OBM</subfield>
    <subfield code="f">3321327</subfield>
    <subfield code="o">0</subfield>
    <subfield code="r">BOOK</subfield>
  </datafield>
</record>
